DICCIONARIO DE SOCIOLOGIA/

TRADUCCION DE: DIZIONARIO DI SOCIOLOGIA

שמור ב:
מידע ביבליוגרפי
מחבר ראשי: Gallino, Luciano (autor)
פורמט: ספר
נושאים:
תגים: הוספת תג
אין תגיות, היה/י הראשונ/ה לתייג את הרשומה!

MARC

LEADER 00000nam^a2200000^a^4500
001 000224885
005 20250521000000.0
009 20260310104106.901
020 |a 968-23-1742-8 
035 |a 043980 
037 |a Acervo Xavier Clavigero 
082 |a 301. 03  |b GAL 
100 |a Gallino, Luciano  |e (autor) 
245 1 0 |a DICCIONARIO DE SOCIOLOGIA/  |c LUCIANO GALLINO; TR. STELLA MASTRANGELO 
264 |a MEXICO :  |b SIGLO XXI,  |c 1995 
300 |a 1003p. 
336 |a texto  |b txt  |2 rdacontenido 
337 |a sin mediación  |b n  |2 rdamedio 
338 |a volumen  |b nc  |2 rdasoporte 
520 |a TRADUCCION DE: DIZIONARIO DI SOCIOLOGIA 
520 |a INDICE 
649 |a XX 
650 |a SOCIOLOGIA -  |x DICCIONARIOS 
910 |a Fondo General 
920 |a Impresos - Libros 
930 |a Obras de Referencia 
905 |a 102 
901 |a 043980  |b IT2  |c REF  |i 043980  |u 20250521 
902 |a https://opac.biblio.iteso.mx/vufind/Record/000224885